| 000 | 00644 a2200181 4500 | ||
|---|---|---|---|
| 020 | _a0750625910 | ||
| 040 |
_aDLC _bDLC |
||
| 082 | 0 | 0 | _a621.3815 |
| 100 | 1 | _aCarr, Joseph J. | |
| 245 | 1 | 0 |
_aLinear integrated circuits _cJoseph J. Carr. |
| 260 |
_aOxford [England] ; _aNew Delhi : _bButterworth Heinemann, _c1996. |
||
| 300 |
_aix, 335 p. : _bill. ; _c24 cm. |
||
| 500 | _aIncludes index. | ||
| 650 | 0 | _aLinear integrated circuits. | |
| 856 | 4 | 2 |
_3Publisher description _uhttp://www.loc.gov/catdir/description/els032/95026394.html |
| 856 | 4 | 2 |
_3Table of contents _uhttp://www.loc.gov/catdir/toc/els032/95026394.html |
| 942 |
_cBK _k621.3815 CAR _2ddc |
||
| 999 |
_c7999 _d7999 |
||